00467nam a2200157Ia 4500008004100000020001800041082001700059100002000076245006000096250000800156260005400164300002400218500001900242600003300261650001500294240925s9999 xx 000 0 und d a9789696372240 a808.0666 ATA aAta, Muhammad. 2aA Handbook on official correspondence for all occasions a1st aKarachi:bParamount Publishing Enterprisec,2016. a420p.bNAfOriginal aIncludes Index aHumanities & Natural Science aLiterature